LEADER 00654nam a2200169 i 4500 001 000000231738 003 CaOOAMICUS 005 20140808000000.0 008 140808s1891 it u000 u eng u 013 $a210641 040 $aSeMil$bita 245 10$aVol. 2. 300 $a513 p., [1] c. di tav. :$britr. 773 0 $aNewman, John Henry $tLetters and Correspondence of John Henry Newman during his Life in the English Church.$dLondon : Longmans, Green and Co., 1891.$g2$w()30291 850 $aSeMil 852 $aSeMil$W1$xVenegono$y1$m2X III 2 FA$j182084$B182084$CSeMilBibl$Z2$F193117 $8I 996 $6245$aVol. 2$9(OLS)http://semarc/title/13458 LEADER 00562nab a2200145 i 4500 001 000000259977 003 CaOOAMICUS 005 20050217000000.0 008 050217n xx uu u0 0und r 013 $a657 040 $aSeMil$bita 245 10$aComunicare la sacra Scrittura. - 16 p. - Titolo principale dalla prima pagina. 500 $a13 febbraio 2005. 773 0 $t[2005 : Gennaio-Giugno].$dBologna : Centro Editoriale Dehoniano, 2005.$w()130525 996 $6245$aComunicare la sacra Scrittura. - 16 p. - Titolo principale dalla prima pagina.$9(OLS)http://semarc/title/354894